[Event "Katowice Springs 2018"]
[Site "Katowice"]
[Date "2018.05.08"]
[Round "2"]
[White "Szustakowski, Antoni"]
[Black "Bakalarz, Mietek"]
[Result "1-0"]
[WhiteElo "2331"]
[BlackElo "2288"]
[Annotator "NA"]
[PlyCount "117"]
[EventDate "2018.??.??"]
[EventType "swiss"]
[EventCountry "POL"]
[SourceTitle "playchess.com"]
[Source "ChessBase"]
[SourceQuality "1"]
[TimeControl "40/5400+30:1800+30"]

1. d4 {[%emt 0:00:00]} d5 {[%emt 0:01:30]} 2. c4 {[%emt 0:00:00]} dxc4 {[%emt 0:00:29]} 3. e4 {[%emt 0:00:00]} e5 {[%emt 0:00:31]} 4. Nf3 {[%emt 0:00:00]} Nf6 {[%emt 0:10:25] LiveBook: 29 Games} 5. Nxe5 {[%emt 0:31:01] D20: Queen's Gambit Accepted: 3 e3 and 3 e4} Bb4+ {[%emt 0:16:13]} 6. Nc3 {[%emt 0:01:34]} O-O {[%emt 0:09:22]} (6... b5 7. f3 a6 8. a4 Bb7 9. axb5 axb5 10. Rxa8 Bxa8 11. Be3 O-O 12. Kf2 Nbd7 13. Nxd7 Qxd7 {½-½ (46) Banusz,T (2616)-Huschenbeth,N (2601) Austria 2017}) 7. Bxc4 {[%emt 0:07:34]} Nc6 $146 {[%emt 0:03:49]} (7... c5 $16) ({Predecessor:} 7... Nxe4 8. Nxf7 Bxc3+ 9. bxc3 Rxf7 10. Bxf7+ Kxf7 11. O-O Nd6 12. Re1 Kg8 {½-½ (51) Nagy,G (2423)-Tincu,R (2151) Arad 2014}) 8. Nxc6 {[%emt 0:03:59]} bxc6 {[%emt 0:00:14] [#]} 9. f3 $1 {[%emt 0:01:31]} c5 {[%emt 0:02:30]} 10. Be3 {[%emt 0:11:51]} cxd4 {[%emt 0:00:36]} 11. Qxd4 {[%emt 0:00:08]} Qe7 {[%emt 0:01:36]} 12. Qd2 {[%emt 0:01:37]} Be6 {[%emt 0:05:38]} 13. Bxe6 {[%emt 0:01:29]} Qxe6 {[%emt 0:00:05]} 14. O-O {[%emt 0:00:39]} c5 {[%emt 0:07:10]} 15. a3 {[%emt 0:02:49]} Rfd8 {[%emt 0:00:14]} 16. Qc2 {[%emt 0:00:07]} Ba5 {[%emt 0:09:25]} 17. Bxc5 {[%emt 0:02:31]} Qc4 {[%emt 0:07:34]} 18. Bf2 {[%emt 0:00:06]} Rd3 {[%emt 0:01:36]} 19. Qa4 {[%emt 0:00:51]} Rxc3 {[%emt 0:05:00]} 20. Qxa5 {[%emt 0:00:06]} Rc2 {[%emt 0:00:07]} 21. Rad1 {[%emt 0:01:11]} h6 {[%emt 0:01:23]} 22. b4 {[%emt 0:04:01]} a6 $18 {[%emt 0:02:00]} 23. e5 {[%emt 0:07:33]} Ne8 {[%emt 0:00:40]} 24. Qd5 {[%emt 0:00:07]} Qc8 {[%emt 0:03:04]} 25. Bc5 {[%emt 0:00:52]} Nc7 {[%emt 0:02:04]} 26. Qb3 {[%emt 0:01:49]} Qf5 {[%emt 0:00:19]} 27. Qd3 {[%emt 0:03:25]} Qxd3 {[%emt 0:01:16]} 28. Rxd3 {[%emt 0:00:07]} Ne6 {[%emt 0:00:27]} 29. Be3 {[%emt 0:00:05]} Rac8 {[%emt 0:01:15]} 30. Rf2 {[%emt 0:00:40]} R2c3 {[%emt 0:01:04]} 31. Rfd2 {[%emt 0:00:17]} g5 {[%emt 0:00:08]} 32. Kf2 {[%emt 0:01:16]} Nf4 {[%emt 0:01:15]} 33. Bxf4 {[%emt 0:00:09]} gxf4 {[%emt 0:00:03]} 34. Rd4 {[%emt 0:01:09]} R8c4 {[%emt 0:01:29]} 35. Rxc4 {[%emt 0:00:07]} Rxc4 {[%emt 0:00:04]} 36. g3 {[%emt 0:00:13]} Rc3 {[%emt 0:04:03]} 37. a4 {[%emt 0:00:06]} Rb3 {[%emt 0:00:30]} 38. Rd4 {[%emt 0:00:05]} Rb2+ {[%emt 0:00:06]} 39. Kg1 {[%emt 0:00:05]} fxg3 {[%emt 0:00:20]} 40. hxg3 {[%emt 0:00:04]} Kg7 {[%emt 0:34:01]} 41. Rd6 {[%emt 0:30:06]} Rxb4 {[%emt 0:00:18]} 42. Rxa6 {[%emt 0:00:04]} Rb2 {[%emt 0:00:28]} 43. f4 {[%emt 0:01:02]} h5 {[%emt 0:01:00]} 44. a5 {[%emt 0:00:05]} Ra2 {[%emt 0:00:08]} 45. f5 {[%emt 0:01:13]} Re2 {[%emt 0:00:49]} 46. e6 {[%emt 0:00:14]} fxe6 {[%emt 0:00:38]} 47. Rxe6 {[%emt 0:01:18]} Ra2 {[%emt 0:00:01]} 48. a6 {[%emt 0:00:07]} Ra5 {[%emt 0:00:55]} 49. f6+ {[%emt 0:00:44]} Kf7 {[%emt 0:00:33]} 50. Rb6 {[%emt 0:00:03]} Ra2 {[%emt 0:00:13]} 51. Kf1 {[%emt 0:00:07]} Kg6 {[%emt 0:00:39]} 52. Ke1 {[%emt 0:00:05]} Kf7 {[%emt 0:00:33]} 53. Kd1 {[%emt 0:00:04]} Ra3 {[%emt 0:00:14]} 54. Rb7+ {[%emt 0:08:52]} Kxf6 {[%emt 0:00:21]} 55. a7 {[%emt 0:00:01]} Ke6 {[%emt 0:01:03]} 56. Ke2 {[%emt 0:01:38]} Kf6 {[%emt 0:00:21]} 57. Kf2 {[%emt 0:00:20]} Ra2+ {[%emt 0:00:35]} 58. Kf3 {[%emt 0:00:09]} Kf5 {[%emt 0:00:15] Ke4+} 59. Ke3 1-0

[Event "Katowice Springs 2018"]
[Site "Katowice"]
[Date "2018.05.08"]
[Round "2"]
[White "Krzywda, Andrzej"]
[Black "Piesik, Piotr"]
[Result "1-0"]
[WhiteElo "2163"]
[BlackElo "2372"]
[Annotator "ChessBase"]
[PlyCount "175"]
[EventDate "2018.??.??"]
[EventType "swiss"]
[EventCountry "POL"]
[SourceTitle "playchess.com"]
[Source "ChessBase"]
[SourceQuality "1"]
[TimeControl "40/5400+30:1800+30"]

1. e4 {[%emt 0:00:00]} e5 {[%emt 0:00:48]} 2. Nf3 {[%emt 0:00:00]} Nc6 {[%emt 0:00:03]} 3. d4 {[%emt 0:00:00]} exd4 {[%emt 0:00:27]} 4. Nxd4 {[%emt 0:00:00]} Bc5 {[%emt 0:00:28]} 5. Nxc6 {[%emt 0:00:12]} Qf6 {[%emt 0:00:52]} 6. Qf3 {[%emt 0:00:34]} Qxf3 {[%emt 0:03:34]} 7. gxf3 {[%emt 0:00:05]} bxc6 {[%emt 0:00:04]} 8. Nd2 {[%emt 0:01:27]} d6 {[%emt 0:08:19]} 9. Nb3 {[%emt 0:00:19]} Bb6 {[%emt 0:00:04]} 10. a4 {[%emt 0:00:09]} a6 {[%emt 0:04:55]} 11. Rg1 {[%emt 0:06:07]} g6 {[%emt 0:07:15]} 12. Bd2 {[%emt 0:05:20]} Nf6 {[%emt 0:07:02]} 13. Bc3 {[%emt 0:07:37]} Ke7 {[%emt 0:00:06]} 14. Na5 {[%emt 0:01:56]} Bd7 {[%emt 0:06:57]} 15. Nc4 {[%emt 0:00:43]} Rhe8 {[%emt 0:00:59]} 16. Nxb6 {[%emt 0:11:24]} cxb6 {[%emt 0:00:05]} 17. O-O-O {[%emt 0:00:12]} Nh5 {[%emt 0:01:57]} 18. Bd2 {[%emt 0:03:57]} c5 {[%emt 0:06:48]} 19. a5 {[%emt 0:04:09]} b5 {[%emt 0:09:25]} 20. Be2 {[%emt 0:00:10]} Kd8 {[%emt 0:01:49]} 21. Be3 {[%emt 0:07:43]} Kc7 {[%emt 0:03:34]} 22. Rd2 {[%emt 0:02:31]} Bc6 {[%emt 0:03:06]} 23. Rgd1 {[%emt 0:00:50]} Re6 {[%emt 0:01:53]} 24. Bf1 {[%emt 0:05:30]} f5 {[%emt 0:03:25]} 25. Bh3 {[%emt 0:07:38]} Rf8 {[%emt 0:00:11]} 26. Rg1 {[%emt 0:05:23]} Ref6 {[%emt 0:07:09]} 27. Bg5 {[%emt 0:02:24]} R6f7 {[%emt 0:00:42]} 28. exf5 {[%emt 0:03:01]} Bxf3 {[%emt 0:00:05]} 29. Re1 {[%emt 0:00:17]} gxf5 {[%emt 0:03:49]} 30. Be7 {[%emt 0:00:56]} Rg8 {[%emt 0:00:04]} 31. Bxd6+ {[%emt 0:00:28]} Kc6 {[%emt 0:00:13]} 32. b4 {[%emt 0:01:41]} cxb4 {[%emt 0:02:35]} 33. Bxb4 {[%emt 0:02:38]} Rg6 {[%emt 0:08:09]} 34. Re3 {[%emt 0:02:36]} Be4 {[%emt 0:00:47]} 35. f3 {[%emt 0:02:59]} Bd5 {[%emt 0:00:05]} 36. Re5 {[%emt 0:02:10]} Bxf3 {[%emt 0:01:15]} 37. Bxf5 {[%emt 0:01:06]} Rgf6 {[%emt 0:00:49]} 38. Be6 {[%emt 0:04:50]} Rg7 {[%emt 0:00:44]} 39. Rc5+ {[%emt 0:02:40]} Kb7 {[%emt 0:00:04]} 40. Rd6 {[%emt 0:01:07]} Re7 {[%emt 0:32:41]} 41. Bc8+ {[%emt 0:31:45]} Kb8 {[%emt 0:00:42]} 42. Rxf6 {[%emt 0:01:50]} Nxf6 {[%emt 0:00:05]} 43. Bxa6 {[%emt 0:00:20]} Re4 {[%emt 0:01:03]} 44. Rxb5+ {[%emt 0:01:26]} Ka7 {[%emt 0:00:10]} 45. Bc8 {[%emt 0:01:09]} Rc4 {[%emt 0:00:13]} 46. Be6 {[%emt 0:00:34]} Rc6 {[%emt 0:00:03]} 47. Rb6 {[%emt 0:00:47]} Rxb6 {[%emt 0:00:52]} 48. Bc5 {[%emt 0:00:40]} Nd5 {[%emt 0:00:23]} 49. axb6+ {[%emt 0:00:57]} Nxb6 {[%emt 0:00:35]} 50. Bf5 {[%emt 0:00:10]} h5 {[%emt 0:00:12]} 51. Kd2 {[%emt 0:00:11]} Kb7 {[%emt 0:00:10]} 52. Ke3 {[%emt 0:00:19]} Bd1 {[%emt 0:00:42]} 53. Kf4 {[%emt 0:00:37]} Nd5+ {[%emt 0:00:27]} 54. Kg5 {[%emt 0:00:10]} Kc6 {[%emt 0:00:08]} 55. Bd4 {[%emt 0:00:35]} Ne7 {[%emt 0:00:30]} 56. Be4+ {[%emt 0:00:14]} Kd6 {[%emt 0:00:42]} 57. h4 {[%emt 0:00:15]} Nc6 {[%emt 0:00:22]} 58. Bf6 {[%emt 0:00:52]} Ne5 {[%emt 0:00:35]} 59. Kf4 {[%emt 0:00:45]} Nc4 {[%emt 0:00:56]} 60. Bg6 {[%emt 0:01:31]} Ke6 {[%emt 0:00:12]} 61. Bd4 {[%emt 0:00:27]} Nd6 {[%emt 0:00:18]} 62. c3 {[%emt 0:00:29]} Be2 {[%emt 0:00:31]} 63. Bc2 {[%emt 0:00:49]} Nf7 {[%emt 0:01:16]} 64. Bb3+ {[%emt 0:00:07]} Ke7 {[%emt 0:00:03]} 65. Bd5 {[%emt 0:00:27]} Nd6 {[%emt 0:01:33]} 66. Bc5 {[%emt 0:01:10]} Kd7 {[%emt 0:00:04]} 67. Bxd6 {[%emt 0:00:44]} Kxd6 {[%emt 0:00:05]} 68. Bf3 {[%emt 0:00:03]} Bc4 {[%emt 0:00:19]} 69. Bxh5 {[%emt 0:00:07]} Ke6 {[%emt 0:00:15]} 70. Kg5 {[%emt 0:00:19]} Ke7 {[%emt 0:00:29]} 71. Bg6 {[%emt 0:00:22]} Kf8 {[%emt 0:00:19]} 72. Kf6 {[%emt 0:00:34]} Kg8 {[%emt 0:00:05]} 73. Be4 {[%emt 0:00:27]} Kh8 {[%emt 0:00:14]} 74. Bf5 {[%emt 0:00:22]} Be2 {[%emt 0:00:40]} 75. Bc2 {[%emt 0:01:12]} Bc4 {[%emt 0:00:07]} 76. Ke5 {[%emt 0:00:12]} Kg7 {[%emt 0:00:04]} 77. Kd4 {[%emt 0:00:04]} Be6 {[%emt 0:00:26]} 78. Be4 {[%emt 0:00:20]} Kh6 {[%emt 0:00:07]} 79. Bd5 {[%emt 0:00:17]} Bd7 {[%emt 0:00:11]} 80. c4 {[%emt 0:00:47]} Kh5 {[%emt 0:00:04]} 81. Ke5 {[%emt 0:00:19]} Kxh4 {[%emt 0:00:07]} 82. c5 {[%emt 0:00:15]} Kg3 {[%emt 0:01:10]} 83. Be6 {[%emt 0:01:01]} Bb5 {[%emt 0:00:36]} 84. Kd6 {[%emt 0:00:14]} Kf4 {[%emt 0:00:09]} 85. Bd7 {[%emt 0:00:11]} Ba6 {[%emt 0:00:15]} 86. c6 {[%emt 0:00:57]} Ke4 {[%emt 0:00:03]} 87. Kc5 {[%emt 0:01:49]} Ke5 {[%emt 0:00:16]} 88. Kb6 {[%emt 0:00:09]} 1-0

[Event "Katowice Springs 2018"]
[Site "Katowice"]
[Date "2018.05.08"]
[Round "3"]
[White "Teclaf, Pawel"]
[Black "Krzywda, Andrzej"]
[Result "1/2-1/2"]
[WhiteElo "2373"]
[BlackElo "2163"]
[Annotator "TA"]
[PlyCount "60"]
[EventDate "2018.??.??"]
[EventType "swiss"]
[EventCountry "POL"]
[SourceTitle "playchess.com"]
[Source "ChessBase"]
[SourceQuality "1"]

{[%evp 10,60,30,15,26,16,10,16,18,19,35,14,11,9,18,-11,18,8,26,4,61,35,65,59,41,9,9,21,15,0,0,4,13,-16,21,-16,-18,-35,0,0,0,0,0,-11,0,0,0,-8,0,0,12,0,0]} 1. d4 Nf6 2. Bg5 Ne4 3. Bf4 d5 4. e3 e6 5. Bd3 Nf6 (5... Bd6 6. Bxe4 Bxf4 7. exf4 dxe4 8. Nc3 Nc6 9. Nge2 f5 10. Qd2 O-O 11. O-O-O a5 12. h3 a4 13. a3 b5 {½-½ (58) Vitiugov,N (2726)-Grandelius,N (2643) Doha 2016}) 6. Nd2 {LiveBook: 7 Games. A45: Trompowsky Attack} Bd6 7. Bg3 O-O 8. Ngf3 b6 9. e4 $146 {[#] e5 is the strong threat.} ({Predecessor:} 9. Ne5 Bb7 10. O-O Ne4 11. Ndf3 f6 12. Ng4 h5 13. Nh4 hxg4 {0-1 (35) Mills,N (2005)-Moylan,L (2110) Gold Coast 2001}) 9... Be7 10. Qe2 c5 {Black wants to play ...c4.} 11. dxc5 bxc5 {Strongly threatening ...c4.} 12. c4 Bb7 13. cxd5 exd5 14. exd5 Qxd5 (14... Bxd5 $11 15. O-O Nc6) 15. Bc4 $14 (15. Qxe7 Re8 $15) 15... Qh5 16. O-O ({Reject} 16. Qxe7 Re8 $15) ({Much worse is} 16. Bxb8 Raxb8 17. O-O (17. Qxe7 $2 Rfe8 $19) 17... Bd6 $17) 16... Nc6 17. Ba6 Bxa6 18. Qxa6 Qd5 19. Qb7 Rad8 20. Rfe1 Rd7 21. Qb3 Rfd8 22. Qxd5 Nxd5 23. Nc4 Bf6 24. Rad1 {The position is equal.} h5 25. Be5 Be7 26. h4 f6 27. Bc3 Kf7 28. a3 Bf8 29. g3 g6 30. Na5 Nxa5 {Precision: White = 45%, Black = 44%.} 1/2-1/2

[Event "Katowice Springs 2018"]
[Site "Katowice"]
[Date "2018.05.08"]
[Round "3"]
[White "Piesik, Piotr"]
[Black "Szustakowski, Antoni"]
[Result "0-1"]
[WhiteElo "2372"]
[BlackElo "2331"]
[Annotator "TA"]
[PlyCount "134"]
[EventDate "2018.??.??"]
[EventType "swiss"]
[EventCountry "POL"]
[SourceTitle "playchess.com"]
[Source "ChessBase"]
[SourceQuality "1"]

{[%evp 17,134,0,0,-6,-2,-22,-16,-35,-18,-20,-10,-14,-28,-14,-4,-25,-24,-28,-24,-26,-28,-25,-30,-34,-16,-25,-18,-26,-16,-28,-29,-27,-10,-41,0,-99,-47,-63,-46,-45,-31,-39,-12,-101,-100,-106,-27,-27,-27,-30,-38,-308,-308,-308,-299,-300,-240,-240,-194,-189,0,-206,-193,-192,-191,-190,-188,-182,-163,-258,-250,-255,-249,-322,-220,-272,-269,-319,-341,-376,-371,-558,-553,-543,-454,-438,-435,-961,-1024,-872,-816,-1419,-1156,-912,0,-339,-324,-304,-311,-12828,-626,-5085,-5085,-4134,-1685,-1660,-1291,-926,-322,-328,-295,-29991,-29990,-29990,-29991,-29991,-29992,-29992,-29993]} 1. d4 Nf6 2. Nf3 d5 3. c4 e6 4. g3 Be7 5. Bg2 O-O 6. O-O c6 7. Qc2 b6 8. cxd5 {E06: Closed Catalan: Early deviations} (8. Nbd2 Bb7 9. b3 a5 10. Bb2 Na6 11. Rfd1 Rc8 12. Rac1 h6 13. Qb1 Rc7 14. Ne5 Nd7 15. Ndf3 Nxe5 16. Nxe5 Bd6 17. e4 {½-½ (45) Yu,Y (2751)-Sargissian,G (2672) Riadh 2017}) 8... cxd5 9. Bf4 Bb7 {LiveBook: 11 Games} 10. Rc1 {The position is equal.} Nc6 11. Nbd2 Rc8 12. Qa4 Qd7 $146 ({Predecessor:} 12... a6 13. Ne5 Nxe5 14. Bxe5 Nd7 15. Bf4 b5 16. Rxc8 Qxc8 {½-½ (56) Heinrich,J (2050)-Kostelny,J Bratislava 1997}) 13. Qd1 Ne4 14. Ne5 Nxe5 15. dxe5 {Black must now prevent Nxe4.} Nxd2 16. Qxd2 Qa4 17. b3 Qb5 18. Qd1 Ba3 19. Rxc8 Rxc8 20. Bc1 Qc5 21. Bxa3 Qxa3 22. Qd2 $1 Qc5 23. Rd1 h6 24. e3 Ba6 25. f4 Qc2 {[#]} 26. Kf2 (26. e4 $1 $11 {[%mdl 512]}) 26... Bd3 (26... g5 $17) 27. Bf3 Bg6 28. g4 Qc5 29. Kg3 Qa3 30. f5 (30. h4 $1 $11 {keeps the balance.}) 30... exf5 $17 31. Qxd5 Qe7 (31... Qxa2 $17 {aiming for ...fxg4.} 32. Qd7 Qc2) 32. Qd6 $11 Qg5 $36 {[%mdl 2048] Black has the initiative.} 33. Qd7 Rf8 {Threatens to win with ...fxg4.} 34. e6 $2 {[%mdl 8192]} ({White must play} 34. h4 $1 $15 Qxe3 35. Qd4 Qxd4 36. Rxd4) 34... fxg4 $19 35. e7 gxf3+ 36. Kxf3 Bh5+ 37. Kf2 Qh4+ 38. Kg1 Qg5+ 39. Kf2 $1 Bxd1 40. exf8=Q+ Kxf8 41. Qxd1 {[%mdl 4096] Endgame KQ-KQ} Qf5+ 42. Kg2 {[%cal Rd1d8]} Kg8 43. a4 (43. Qd6 $142) 43... h5 44. Qd8+ Kh7 45. Qc7 Qg6+ 46. Kf2 Qf6+ 47. Kg2 Qb2+ 48. Kf3 Qxb3 49. Qxa7 (49. Qd7 $142 a6 50. a5) 49... Qd1+ 50. Kf2 Qd2+ 51. Kf3 Qxh2 52. Qxf7 (52. Qxb6 $142 Qh3+ 53. Ke2) 52... Qh3+ 53. Kf2 Qh4+ 54. Kg2 Qg4+ 55. Kf2 Qh4+ $2 (55... h4 56. Qd5 Qg3+ 57. Ke2 Qg6) 56. Kg2 $1 Qg5+ ({Worse is} 56... Qxa4 57. Qxh5+ Kg8 58. Qd5+ Kh7 59. Qh5+ Kg8 60. Qd5+ Kf8 61. Qf5+ Ke7 62. Qe5+ Kf8 63. Qf5+ Ke7 64. Qe5+ Kd8 65. Qb8+ Ke7 66. Qe5+ $11) 57. Kh2 Qxe3 58. Qd7 $2 (58. Qd5) 58... h4 (58... Qf4+ $142 59. Kg2 Kh6) 59. Qf5+ Kh6 60. Qf8 Qe5+ 61. Kg2 Qf6 62. Qh8+ Kg6 $2 (62... Kg5 63. Qe8 Kf4 64. Qb8+ Kg4 65. Qc8+ Qf5 66. Qc4+ Kh5) 63. Qe8+ Kh7 {Hoping for ...Qg6+.} 64. Kh1 $2 {[#]} (64. Qe3 $19) 64... Qf1+ {Black mates.} 65. Kh2 Qf2+ 66. Kh1 Qf3+ 67. Kh2 h3 {Precision: White = 45%, Black = 56%.} 0-1

[Event "Katowice Springs 2018"]
[Site "Katowice"]
[Date "2018.05.08"]
[Round "3"]
[White "Molchanov, Oleksii"]
[Black "Frolov, Artur"]
[Result "1-0"]
[WhiteElo "2355"]
[BlackElo "2432"]
[Annotator "TA"]
[PlyCount "71"]
[EventDate "2018.??.??"]
[EventType "swiss"]
[EventCountry "POL"]
[SourceTitle "playchess.com"]
[Source "ChessBase"]
[SourceQuality "1"]

{[%evp 27,71,0,0,-10,9,-19,-4,-18,-18,-65,-64,-52,-12,-23,-8,-16,0,0,10,8,22,0,0,-4,-7,-9,0,0,0,-46,-58,-35,-6,-433,31,25,27,22,171,168,5157,4810,4786,4686,923,891]} 1. d4 Nf6 2. c4 e6 3. Nf3 d5 4. Nc3 Nbd7 5. Bg5 h6 6. Bh4 Be7 7. e3 O-O 8. Qc2 b6 9. cxd5 exd5 10. Bd3 Bb7 11. Bg3 c5 12. O-O Nh5 13. Be5 Nxe5 14. Nxe5 Nf6 15. Bf5 {D55: Queen's Gambit Declined: 4 Bg5 Be7: Lines without ...h6 and 6...h6 7 Bxf6} (15. f4 cxd4 16. exd4 Ne4 17. Rad1 Rc8 18. Qb3 Bf6 19. Rf3 Bxe5 20. fxe5 Qh4 21. g3 Nxg3 22. hxg3 Qxd4+ {½-½ (55) Penson,T (2219)-Geirnaert,S (2352) Zwijndrecht 2010}) 15... a6 16. Rfd1 $146 ({Predecessor:} 16. a4 Bd6 17. Nf3 Qc7 18. g3 Bc8 19. Bxc8 Raxc8 20. Qe2 Qb7 21. dxc5 bxc5 22. a5 Rfe8 {0-1 (57) Esquivias Gomez,F (2015)-Fernandez Aransay,F (1844) Collado Villalba 2017}) 16... Qd6 17. Nf3 {The position is equal.} c4 18. b3 b5 19. bxc4 $1 bxc4 20. Rab1 Bc8 21. h3 Bxf5 22. Qxf5 Rab8 23. Ne5 g6 24. Qf3 Qe6 25. e4 {[%cal Rc3d5]} dxe4 26. Nxe4 Nxe4 27. Qxe4 {Strongly threatening Rxb8.} Bd6 28. f4 Rxb1 29. Rxb1 Bxe5 30. d5 $2 {[%mdl 8192] [#]} ({Much weaker is} 30. dxe5 c3 $17) (30. fxe5 $11 {and White has nothing to worry.} Rd8 31. Rc1) 30... Qc8 $2 (30... Qf5 $1 $19 {[%cal Rf5e4]} 31. Qxf5 Bd4+ 32. Kf1 gxf5) 31. fxe5 $14 Qc5+ 32. Kh1 Rd8 (32... c3 $11 {and Black stays safe.}) 33. e6 $18 Qxd5 $2 (33... c3 34. exf7+ Kh7) 34. e7 {[#] White threatens Qxd5 and mate.White is clearly winning.} Qxe4 35. exd8=Q+ Kg7 36. Rc1 {Precision: White = 33%, Black = 26%.} 1-0

[Event "Katowice Springs 2018"]
[Site "Katowice"]
[Date "2018.05.08"]
[Round "3"]
[White "Pacan-Milej, Kosma"]
[Black "Shkuran, Danylo"]
[Result "0-1"]
[WhiteElo "2301"]
[BlackElo "2395"]
[Annotator "TA"]
[PlyCount "60"]
[EventDate "2018.??.??"]
[EventType "swiss"]
[EventCountry "POL"]
[SourceTitle "playchess.com"]
[Source "ChessBase"]
[SourceQuality "1"]

{[%evp 14,59,58,54,60,46,81,49,70,72,68,56,61,0,61,-11,70,1,81,84,81,12,58,-8,119,68,61,63,191,191,198,163,160,160,177,168,218,24,12,-95,-12,-1079,-1073,-29988,-29989,-29989,-29990,-29999]} 1. d4 Nf6 2. c4 g6 3. f3 Bg7 4. e4 d6 5. Be3 O-O 6. Ne2 e5 7. Nbc3 Nc6 8. Qd2 {LiveBook: 49 Games} Na5 {E85: King's Indian: Sämisch: 6...e5} (8... a5 9. d5 Nb4 10. c5 Nd7 11. cxd6 cxd6 12. Nb5 Nc5 13. Bxc5 dxc5 14. Nec3 f5 15. a3 Na6 16. d6 {0-1 (29) Apryshko,G (2371)-Bologan,V (2615) Moscow 2017}) 9. b3 a6 10. d5 c5 {White is slightly better.} 11. dxc6 bxc6 12. O-O-O $146 ({Predecessor:} 12. Rd1 Nb7 13. Na4 Be6 14. Nec3 Nh5 15. Be2 Nf4 16. O-O g5 17. c5 dxc5 18. Qxd8 Nxe2+ 19. Nxe2 Rfxd8 20. Bxg5 {1-0 (92) Savic,M (2201)-Perosevic,A (2183) Cetinje 2013}) 12... Nb7 13. h4 ({Better is} 13. g4 $14) 13... Qc7 (13... h5 $1 $11) 14. Bh6 (14. h5 $14) 14... Be6 (14... Bxh6 $11 15. Qxh6 Nc5) 15. h5 (15. Bxg7 $1 $14 Kxg7 16. h5 $1 {[%mdl 512]}) 15... Rfd8 (15... Bxh6 $1 $11 {keeps the balance.} 16. Qxh6 Rab8) 16. Bxg7 $16 Kxg7 17. Kb2 (17. g4 $16) 17... a5 18. g4 (18. hxg6 $14 fxg6 19. Qh6+ Kg8 20. Na4) 18... a4 (18... Nc5 $1 $11) 19. hxg6 (19. Nxa4 $16 Qa5 20. Qxa5 Nxa5 21. Nec3) 19... fxg6 $14 20. Nxa4 Bxc4 (20... Kg8 $14) 21. Nd4 $1 $18 Bg8 22. Qh6+ Kf7 23. g5 {[%cal Bg4g5,Bg5f6][%mdl 32]} exd4 24. gxf6 Ke8 {[#]} 25. Rxd4 $2 ({White has to play} 25. f7+ $1 $18 {[%mdl 512]} Qxf7 26. Bc4) 25... Nc5 $1 $11 {[%cal Rc5a4]} 26. Nc3 {[#]} (26. Qg7 $11 Qxg7 27. fxg7) 26... Qb7 (26... Qb6 $1 $17 {Strongly threatening ...Rxa2+!} 27. Nb5 Rd7 28. f7+ (28. Nxd6+ $2 Rxd6 29. f7+ Bxf7 $19) (28. Rxd6 Qa5 $17) 28... Bxf7 29. Qxh7 Rxa2+ 30. Kb1 (30. Kxa2 $2 {is the wrong capture.} Bxb3+ 31. Kb2 Rxh7 $19) 30... Nxb3 31. Qh8+ Ke7 32. Qh4+ Ke8 33. Qh8+ Ke7 34. Qh4+ Ke8 35. Qh8+) 27. Qg7 $2 {[%mdl 8192] [#]} (27. b4 $11) 27... Rxa2+ $3 $19 {[%mdl 512]} 28. Nxa2 (28. Kxa2 Qxb3+) 28... Qxb3+ {Black mates.} 29. Kc1 Qe3+ 30. Kd1 Bb3# {Precision: White = 12%, Black = 20%.} 0-1

[Event "Katowice Springs 2018"]
[Site "Katowice"]
[Date "2018.05.08"]
[Round "3"]
[White "Bakalarz, Mietek"]
[Black "Molenda, Marcin"]
[Result "1/2-1/2"]
[WhiteElo "2288"]
[BlackElo "2383"]
[Annotator "TA"]
[PlyCount "120"]
[EventDate "2018.??.??"]
[EventType "swiss"]
[EventCountry "POL"]
[SourceTitle "playchess.com"]
[Source "ChessBase"]
[SourceQuality "1"]

{[%evp 25,120,-9,0,-8,4,-26,-27,-31,0,-27,-13,-13,0,0,0,0,16,0,0,-16,-13,-115,-10,-10,-14,-14,-12,-12,-11,-18,-19,-22,14,17,50,0,0,0,0,0,29,0,0,0,0,0,0,-20,-17,-17,-8,-83,-91,-118,-118,-116,-116,-116,-119,-119,-106,-106,-50,-50,-24,-25,-25,-120,-25,-134,0,-275,-275,-325,-151,-151,-151,-151,0,0,0,-151,-85,-191,-8,-12,0,0,0,0,0,0,0,0,0,0,8]} 1. e4 e5 2. Nf3 Nc6 3. d4 exd4 4. Nxd4 Nf6 5. Nc3 Bb4 6. Nxc6 bxc6 7. Bd3 d5 8. exd5 cxd5 9. O-O O-O 10. Bg5 {[%cal Bc1g5,Bg5h4,Bh4f2,Bf2c5][%mdl 32]} c6 11. Na4 h6 12. Bh4 Bd6 13. c4 {C47: Scotch Four Knights and Four Knights with 4 g3} (13. c3 Bf4 14. Bc2 Qd6 15. g3 Bg5 16. Bxg5 hxg5 17. f4 g4 18. Qd4 Ba6 19. Rfe1 Rfe8 20. Nc5 Be2 {0-1 (70) Nakamura,H (2651)-Gelfand,B (2733) Odessa 2007}) 13... Rb8 {LiveBook: 18 Games} 14. a3 $146 ({Predecessor:} 14. b3 Be6 15. cxd5 cxd5 16. Rc1 Qe7 17. Bg3 Rfc8 18. Qe2 Ng4 19. Qd2 h5 20. Be2 {½-½ (43) Medvegy,N (2357)-Krstulovic,A (2296) Hungary 2017}) 14... Bg4 15. f3 Be6 16. cxd5 cxd5 17. Bf2 a5 18. Re1 Nd7 19. Bf1 Qg5 20. Rc1 Ne5 21. Bc5 Rfd8 22. Kh1 Qf4 23. Qd4 (23. Bxd6 $11 Rxd6 24. Rc2) 23... Nd7 (23... Nc4 $17 {[%csl Gd6][%cal Rf4h2]} 24. g3 Qxf3+ 25. Bg2 Qg4 26. Qxg4 Bxg4) 24. Qxf4 $11 Bxf4 25. Be3 Bxe3 26. Rxe3 d4 27. Rd3 Ne5 28. Rd2 Bb3 29. Nc5 a4 30. f4 Ng4 31. Kg1 Ne3 32. Kf2 Rb6 33. g3 g6 34. Be2 h5 35. Nxb3 Rxb3 36. Bd1 Nxd1+ 37. Rcxd1 {[%mdl 4096] Endgame KRR-KRR} Kg7 38. Rc1 (38. Re1 $11 {remains equal.}) 38... Rdb8 $1 $17 39. Rc4 Rxb2 40. Rcxd4 Rxd2+ 41. Rxd2 {KR-KR} Rb3 42. Ra2 Kf6 43. Kg2 {[#]} Kf5 (43... h4 $1 $17 {[%mdl 512] aiming for ...hxg3.} 44. Kh3 (44. gxh4 Kf5) 44... hxg3 45. hxg3 Kf5) 44. Kh3 $1 $15 Rc3 45. Kh4 $1 Rd3 46. Kh3 (46. Re2 $11) 46... Re3 ({Black should play} 46... g5 $17 47. fxg5 Kxg5) 47. Kh4 $1 $11 f6 (47... Rc3 $17 48. Ra1 Rc8) 48. Ra1 $2 {[%mdl 8192]} (48. Rb2 $11 {and White stays safe.}) 48... Re2 $1 $19 {[%cal Re2h2]} 49. h3 Re3 50. Ra2 Rb3 51. Ra1 {[#]} Rb7 $2 (51... g5+ $1 $17 52. fxg5 fxg5+ 53. Kxh5 Rxg3 54. Rf1+ Ke4) 52. Rf1 $11 Rb3 $2 (52... Rh7 $11) 53. Ra1 $17 {[#]} Rc3 ({Black should try} 53... g5+ $1 54. fxg5 fxg5+ 55. Kxh5 Rxg3 56. Rf1+ Ke6) 54. Ra2 (54. Rb1 $17 {was forced.}) 54... Ke4 $2 (54... g5+ $19 55. fxg5 fxg5+ 56. Kxh5 Rxg3) 55. Re2+ {The position is equal.} Re3 56. Rxe3+ Kxe3 57. f5 $1 {[%cal Rf5g6]} gxf5 {Strongly threatening ...Kf3.} 58. Kxh5 Kf3 (58... Kf2 $5 59. Kg6 $8 Kxg3 60. Kxf5 Kxh3 $11) 59. Kg6 $1 Kxg3 {...f4 is the strong threat.} 60. Kxf5 Kxh3 {Precision: White = 51%, Black = 39%.} 1/2-1/2